|
|
|
|
| LEADER |
00000cam a2200000 7i4500 |
| 001 |
0000003564 |
| 005 |
20060621.0 |
| 020 |
0 |
0 |
|a 9676903957
|
| 090 |
0 |
0 |
|a 324.2209595
|b ISM
|
| 100 |
1 |
0 |
|a Ismail Noor
|
| 245 |
1 |
0 |
|a Passing the baton from Dr. Mahathir to Abdullah Badawi :
|b A model for effective leadership succession
|c Authored by Ismail Noor ; edited by Elina Noor
|
| 250 |
0 |
0 |
|a Special ed.
|
| 260 |
0 |
0 |
|a Selangor: :
|b Thinker's Library ,
|c 2004
|
| 300 |
|
|
|a ix, 182p. :
|b ill. ;
|c 23cm.
|
| 650 |
0 |
0 |
|a Executive ability
|z Malaysia
|
| 650 |
0 |
0 |
|a Executive succession
|z Malaysia
|
| 650 |
0 |
0 |
|a Leadership
|
| 650 |
0 |
0 |
|a Malaysia
|x Politics and government
|
| 700 |
1 |
1 |
|a Elina Noor
|
| 999 |
|
|
|a 0000006880
|b Monograph
|c Open Shelf
|e Default branch
|